Countries closest to Japan - Statistics

General Stats
  • This quiz has been taken 300 times
    237 since last reset
  • The average score is 11 of 12
Answer Stats
Miles Away Answer % Correct
205 China
100%
27 Russia
99%
31 South Korea
99%
261 North Korea
98%
67 Taiwan
93%
968 Vietnam
90%
1158 Laos
88%
1207 Cambodia
85%
1269 Thailand
85%
1019 Mongolia
81%
353 Philippines
79%
1233 Malaysia
75%
No matching quizzes found
Score Distribution
Percent of People with Each Score
Percentile by Number Answered
Your Score History
You have not taken this quiz since the last reset